000 00444nmm a2200157Ia 4500
008 251105s9999||||xx |||||||||||||||||und||
020 _a9788431550837
041 _aspa
100 _aMesnard, Brigitte
245 0 _aNumerología, sexo y amor
264 _a[Madrid, España] :
_bDe Vecchi,
_c2011
300 _a320 páginas
650 _aMind, body and spirituality
856 _uhttps://public.digitaliapublishing.com/a/31259
942 _cCF
999 _c81628
_d81628